L'Italie fasciste (notice n° 2198623)

détails MARC
000 -LEADER
fixed length control field 01718cam a2200133 4500500
005 - DATE AND TIME OF LATEST TRANSACTION
control field 20260405085553.0
041 ## - LANGUAGE CODE
Language code of text/sound track or separate title fre
042 ## - AUTHENTICATION CODE
Authentication code dc
100 10 - MAIN ENTRY--PERSONAL NAME
Personal name Foro, Philippe
Relator term author
245 00 - TITLE STATEMENT
Title L'Italie fasciste
260 ## - PUBLICATION, DISTRIBUTION, ETC.
Name of publisher, distributor, etc. Armand Colin,<br/>
Date of publication, distribution, etc. 2016.<br/>
520 ## - SUMMARY, ETC.
Summary, etc. Suite aux bouleversements de la Grande Guerre, la jeune démocratie libérale italienne ne parvient pas à résoudre une série de crises qui créent les conditions de l’accession au pouvoir du mouvement fasciste, constitué au lendemain du conflit. Son chef, Benito Mussolini, parvient, à partir de 1925, à établir une dictature à vocation totalitaire. Le fascisme italien, loin d’être un simple régime autoritaire, souhaite mettre en place un modèle totalitaire au travers d’une nouvelle conception de l’État et d’un encadrement de plus en plus étroit de la société. Au-delà des objectifs intérieurs, le pouvoir fasciste a également l’ambition de faire de l’Italie une grande puissance, destinée à imprimer sa marque sur les relations internationales, un véritable programme impérial. Alliée de l’Allemagne nazie dans le second conflit mondial, l’Italie fasciste s’écroule face à une guerre qui dépasse ses capacités. La chute du régime, en juillet 1943, ouvre, pour l’Italie, sa période la plus sombre depuis l’Unité mais crée, également, les conditions de l’instauration de la démocratie. L’ouvrage souhaite présenter aux lecteurs une synthèse sur le Ventennio fascista qui prenne en compte les travaux les plus récents sur l’histoire de l’Italie au cours de cette période.
856 41 - ELECTRONIC LOCATION AND ACCESS
Uniform Resource Identifier <a href="https://shs.cairn.info/l-italie-fasciste--9782200614584?lang=fr&redirect-ssocas=7080">https://shs.cairn.info/l-italie-fasciste--9782200614584?lang=fr&redirect-ssocas=7080</a>

Pas d'exemplaire disponible.

PLUDOC

PLUDOC est la plateforme unique et centralisée de gestion des bibliothèques physiques et numériques de Guinée administré par le CEDUST. Elle est la plus grande base de données de ressources documentaires pour les Étudiants, Enseignants chercheurs et Chercheurs de Guinée.

Adresse

627 919 101/664 919 101

25 boulevard du commerce
Kaloum, Conakry, Guinée

Réseaux sociaux

Powered by Netsen Group @ 2025